书目信息 |
| 题名: |
房屋建筑构造
|
|
| 作者: | 杨金铎 , 房志勇 编著 | |
| 分册: | ||
| 出版信息: | 武汉 中国建材工业出版社 2000.01 |
|
| 页数: | 320页 | |
| 开本: | 16开 | |
| 丛书名: | ||
| 单 册: | ||
| 中图分类: | TU22-43 | |
| 科图分类: | ||
| 主题词: | 建筑构造--结构设计 | |
| 电子资源: | ||
| ISBN: | 7-80090-989-1 | |
| 000 | 00616nam0 2200205 45 | |
| 001 | 0007220837 | |
| 005 | 20010108104246.3 | |
| 010 | @a7-80090-989-1@d29.00元 | |
| 100 | @a20000722d2000 km y0chiy0120 ea | |
| 101 | 0 | @achi |
| 105 | @a z 000yy | |
| 200 | 1 | @a房屋建筑构造@AFang Wu Jian Zhu Gou Zao@f杨金铎,房志勇编著@FYang Jin Duo,Fang Zhi Yong Bian Zhu |
| 210 | @a武汉@c中国建材工业出版社@d2000.01 | |
| 215 | @a320页@d16开 | |
| 606 | 0 | @a建筑构造@x结构设计 |
| 690 | @aTU22-43@v3 | |
| 701 | 0 | @a杨金铎@4编著 |
| 701 | 0 | @a房志勇@4编著 |
| 801 | @aCN@bPftUser@c20000722 | |
| 905 | @dTU22-43@eY191=2@b519427-431@f5 | |
| 房屋建筑构造/杨金铎,房志勇编著.-武汉:中国建材工业出版社,2000.01 |
| 320页;16开 |
| ISBN 7-80090-989-1:29.00元 |
| ● |
| 相关链接 |
|
|
|
正题名:房屋建筑构造
索取号:TU22-43/Y191=2
 
预约/预借
| 序号 | 登录号 | 条形码 | 馆藏地/架位号 | 状态 | 备注 |
| 1 | 519427 | 205194270 | 建筑库101/101建筑库 46排7列3层/ [索取号:TU22-43/Y191=2] | 在馆 | |
| 2 | 519428 | 205194289 | 建筑库101/101建筑库 46排7列3层/ [索取号:TU22-43/Y191=2] | 在馆 | |
| 3 | 519429 | 205194298 | 建筑库101/101建筑库 46排7列3层/ [索取号:TU22-43/Y191=2] | 在馆 | |
| 4 | 519430 | 205194305 | 自科二线404/404自科库 23排6列5层/ [索取号:TU22-43/Y191=2] | 在馆 | |
| 5 | 519431 | 205194314 | 建筑库101/101建筑库 46排7列3层/ [索取号:TU22-43/Y191=2] | 在馆 |